Statistiken für Dortmunder Bahnhöfe

Klicken Sie hier um das Quiz zu spielen!

Allgemein

  • Dieses Quiz wurde 91 mal gespielt
  • Das Durchschnittsergebnis liegt bei 24 aus 44

Antwortstatistiken

VerbindungenBahnhof% Korrekt
Fernverkehr uvm.Hauptbahnhof
90%
RB 52, RB 53, RB 59, (RE 57)*Signal-Iduna-Park
82%
S1, S2, S4Dorstfeld
79%
S1Dorstfeld Süd
79%
RB 59Aplerbeck
71%
RB 53Aplerbeck Süd
71%
RE 11, RE 57, RB 53, RB 59Hörde
71%
S4Brackel
68%
S4Lütgendortmund
65%
RB 43Lütgendortmund Nord
65%
RB 43Marten
64%
S4Marten Süd
64%
S1Universität
64%
S4West
64%
S4Wickede-West
64%
S1Oespel
63%
RE 1, RE 3Scharnhorst
63%
S1Kley
61%
S4Wickede
61%
RE 3, RB 32, S 2Mengede
58%
S2Huckarde
57%
RB 43Huckarde Nord
57%
S4Stadthaus
56%
S5Barop
53%
S4Körne
53%
S4Körne West
53%
S4Möllerbrücke
51%
RB 50, RB 51Derne
49%
RB 50, RB 51Kirchderne
47%
RE 1, RE 3Kurl
47%
S4Asseln-Mitte
46%
RB 59Sölde
44%
S2Nette/Oestrich
43%
S2Westerfilde
43%
S2Wischlingen
43%
S5Kruckel
42%
RB 52Tierpark
42%
S4Germania
39%
RB 52Kirchhörde
39%
S4Knappschaftskrankenhaus
39%
S4Somborn
38%
RB 43Bövinghausen
35%
RB 52Löttringhausen
32%
RB 43Rahm
29%

Verteilung der Resultate

Perzentil nach korrekt beantworteten Fragen

Anzahl Personen mit jedem Resultat

Ihre Resultats-Entwicklung

Sie haben dieses Quiz noch nicht gespielt